000 00304nam a22001337a 4500
008 170905b xxu||||| |||| 00| 0 eng d
020 _a9780534147723
041 _aeng
080 _26TH
_a070
100 _a40
101 _aMED
245 _aINTERCULTURAL COMMUNICATION
_cSAMOVAR,L..A
942 _2udc
_cBK
999 _c26179
_d26179